000 00821nam a2200217 a 4500
005 20090825113520.0
008 850322s1983 ii b 001 0 eng
010 _aENG-94869
020 _c95.00
_a9788178794280
035 _aEN-78402
037 _bDBAD / PUB
040 _adpl
_bEnglish
082 _a796.435
100 _aSrivastava, A.K.
245 _aTeach yourself hammer throw /
_cby A.K. Srivastava
260 _aNew Delhi
_bSports Publication
_c2007
270 _aG-6, 23/23-B, EMCA House, Ansari Road, Daryaganj,
_bNew Delhi
_e110002
300 _a80p.:
_c22cm(Hb)
_bill.
942 _2ddc
_cEN
_mSRI
_h796.435
999 _c29548
_d29548